Политиките на Европейския съюз в областта на образованието и културата (Запис номер 130943)
[ съкратено ]
| 000 -Лидер | |
|---|---|
| Контролно поле с фиксирана дължина | 02166nam a2200445 c 4500 |
| 003 - Код на организацията, давaща контролен номер | |
| Контролно поле | BLK |
| 005 - Дата и час на последна редакция | |
| Контролно поле | 20220530153410.0 |
| 008 - Елементи от данни с фиксирана дължина | |
| fixed length control field | 180409b bul|||||r ||||||| ||bul|| |
| 010 ## - Наследен системен номер | |
| LC control number | KNG00136741000 |
| 020 ## - Международен стандартен номер на книга ISBN | |
| Международен стандартен номер на книга ISBN | 978-954-535-716-9 |
| -- | издат.: Нов бълг. унив. |
| 040 ## - Източник на каталожния запис | |
| Идентификатор на билиотеката - собственик на записа | BLK |
| 041 ## - Код за език | |
| Код за езика на текст/звукозапис или на отделно заглавие | Български |
| Код за езика КДБФ | Български |
| 072 #7 - Код за тематичната категория | |
| Код организация | bullib |
| Код за тематична категория | Н32 |
| Текст | Политика Н |
| 080 ## - УДК | |
| Текстов определител УДК | Европейски съюз - политически аспекти |
| УДК код - определител по УДК | 327.7:061.1ЕС |
| УДК определител | (075.8) |
| УДК - код + определител | 327.7:061.1ЕС(075.8) |
| 080 ## - УДК | |
| Текстов определител УДК | Цивилизация. Култура. Прогрес. История на културата вж 930.85 |
| УДК код - определител по УДК | 008 |
| УДК определител | (4)(075.8) |
| УДК - код + определител | 008(4)(075.8) |
| 080 ## - УДК | |
| Текстов определител УДК | Образователна политика. Образование и общественост |
| УДК код - определител по УДК | 37.014 |
| УДК определител | (4)(075.8) |
| УДК - код + определител | 37.014(4)(075.8) |
| 100 1# - Редна дума - Автор | |
| Автор | Благоева-Хазърбасанова, Елена |
| Авторска отговорност | първи автор |
| R(LIN) | 322501 |
| 139 ## - Редно поле | |
| Редна дума | Благоева-Хазърбасанова, Елена |
| Авторски знак | Бл - Б 47 |
| 245 10 - Сведения за заглавието | |
| Заглавие | Политиките на Европейския съюз в областта на образованието и културата |
| Подзаглавни данни | Същност и управление |
| Редно поле (дума) | Елена Благоева-Хазърбасанова. |
| 257 ## - Страна на издаване | |
| Страна на създаване/издаване | България |
| 260 ## - Област на издателските данни | |
| -- | София |
| Име на издателя, разпространителя и проч. | Нов бълг. унив. |
| Година на издаване | 2012 |
| 300 ## - Физическа характеристика | |
| Страници | 207 с. |
| Размери/Мащаб | 21 см |
| 380 ## - Жанр | |
| Жанр | Обществени науки |
| 500 ## - Общи забележки | |
| Забележка | Съдържа и за авт. - Библиогр. с. 205-207. |
| 650 #4 - Допълнително описание по предмет – тема | |
| Основно описание – тема или топоним | Европейски съюз - културна политика |
| 9 (RLIN) | 322502 |
| 650 #4 - Допълнително описание по предмет – тема | |
| Основно описание – тема или топоним | Европейски съюз - образование |
| 9 (RLIN) | 322503 |
| 650 #4 - Допълнително описание по предмет – тема | |
| Основно описание – тема или топоним | Културно сътрудничество - Европа |
| 9 (RLIN) | 322504 |
| 650 #4 - Допълнително описание по предмет – тема | |
| Основно описание – тема или топоним | Образователна политика |
| 9 (RLIN) | 316127 |
| 651 #4 - Допълнително описание по предмет - топоним | |
| Географско понятие | Европейски съюз |
| 9 (RLIN) | 258188 |
| 653 ## - Ключова дума – ненормативна | |
| Ключова дума | Европейски съюз |
| 653 ## - Ключова дума – ненормативна | |
| Ключова дума | образователна политика |
| 653 ## - Ключова дума – ненормативна | |
| Ключова дума | културна политика |
| 653 ## - Ключова дума – ненормативна | |
| Ключова дума | учебници за ВУЗ |
| 659 ## - Тематичен бюлетин | |
| Тематичен бюлетин | Н |
| 852 ## - Местоположение | |
| Форматна сигнатура | Цб 257252 |
| 856 4# - Електронен адрес и достъп | |
| Електронен формат | pdf - файл |
| Път до файла /url/ | |
| 856 4# - Електронен адрес и достъп | |
| Електронен формат | pdf - файл |
| Път до файла /url/ | |
| 942 ## - АРТИКУЛИ | |
| Вид на библиотечния материал | Книги |
| Скрит в OPAC | Не |
| Koha issues (borrowed), all copies | 2 |
| 944 ## - СЪЗДАВАНЕ И РЕДАКЦИЯ на ЗАПИСА | |
| Създаване/Редакция | Създаване |
| Дата на регистрацията/редакция | 07.08.2007 |
| Статус, дата на статуса | ф / |
| Служител, извършил регистрацията/редакцията | Пенка_Димитрова |
| 944 ## - СЪЗДАВАНЕ И РЕДАКЦИЯ на ЗАПИСА | |
| Създаване/Редакция | Редакция |
| Дата на регистрацията/редакция | 03.09.2014 |
| Статус, дата на статуса | ф / |
| Служител, извършил регистрацията/редакцията | |
| 999 ## - СИСТЕМНИ КОНТРОЛНИ НОМЕРА | |
| Koha biblionumber | 130943 |
| Koha biblioitemnumber | 130943 |
| Код за отписване | Код за изгубен артикул | Код за повреда | Коз за рестрикции | Код за отдаване | Артикулен № | Име на библиотеката - собственик | Име на библиотеката, в която се намира в момента | Статус (Текущо местоположение) | Дата на вписване в системата | Местоположение - отдел | Цена в лева | Инвентарен номер | Систематично азбучна сигнатура | Баркод | Номер на екземпляра | Цена в евро | Служебна бележка | Служебен тип на артикула | Източник на класификационната схема |
|---|---|---|---|---|---|---|---|---|---|---|---|---|---|---|---|---|---|---|---|
| Не е изгубен | Не е повреден | без рестрикции | заемане за дома | 213381 | Регионална библиотека "Любен Каравелов" Русе | Регионална библиотека "Любен Каравелов" Русе | Заемна - подръчен фонд | 2012-11-26 | Заемна - подръчен фонд | 15.00 | 120000761684 | П 327.7:061.1ЕС/Б 47 | 120000761684 | 1 | 7.67 | Дост: Pk Вид: Ф N: 322 Дата: 19.11.2012 Дата инв: 06.02.2018 Бележки инв: П2018 | Книги | ||
| Не е изгубен | Не е повреден | без рестрикции | заемане за дома | 213382 | Регионална библиотека "Любен Каравелов" Русе | Регионална библиотека "Любен Каравелов" Русе | Заемна - подръчен фонд | 2012-11-26 | Заемна - подръчен фонд | 15.00 | 120000761685 | П 327.7:061.1ЕС/Б 47 | 120000761685 | 2 | 7.67 | Дост: Pk Вид: Ф N: 322 Дата: 19.11.2012 Дата инв: 22.03.2017 Бележки инв: Ч2017 | Книги | Universal Decimal Classification | |
| Не е изгубен | Не е повреден | без рестрикции | ползва се в читалня | 213383 | Регионална библиотека "Любен Каравелов" Русе | Регионална библиотека "Любен Каравелов" Русе | Хранилище | 2014-09-04 | Хранилище | 15.00 | 120000780207 | Цб 257252 | 120000780207 | 3 | 7.67 | Дост: Dp Вид: Д N: 47 Дата: 18.11.2013 | Книги |